• 首页
  • 本馆介绍
  • 公告通知
  • 最新文献
  • 馆藏检索
  • 电子资源
  • 读者导购
  • 参考咨询
  • 我的图书馆
  • 登录
  • 详细信息显示
  • 放入我的书架
  • 预约/预借图书
  • 作者相关作品
  • 分类相关作品
  • 丛书相关作品
  • 出版社相关作品

书目信息

  • 表格格式
  • 工作单格式
  • 卡片格式
题名:
做新时期合格的领导者
    
 
作者: ;中共中央组织部研究室 编
分册:  
出版信息: 北京   北京出版社  1985
页数: 277页
开本: 20cm
丛书名: 新时期党的建设丛书
单 册:
中图分类: D239 , D251
科图分类:
主题词: 领导艺术-中国共产党--基本知识 , 领导学 , 中国共产党
电子资源:
ISBN:
000 00890nam2 2200301 45
001 0185000552
005 20070801140322.06
010    @dCNY1.65
091    @a3071.387
100    @a19900918d1985 emky0chiy0121 ea
101 0  @achi
102    @aCN@b110000
105    @ay z 000yy
200 10 @a做新时期合格的领导者@Azuo xin shi qi he ge de ling dao zhe@f中共中央组织部研究室编
210    @a北京@c北京出版社@d1985
215    @a277页@d20cm
225 2  @a新时期党的建设丛书
410  0 @120010@a新时期党的建设丛书
601 02 @a中国共产党@x领导艺术@x基本知识
606    @a领导艺术-中国共产党@x基本知识
606    @a领导学
606 0  @a中国共产党
690    @aD239
690    @aD251@v3
711 02 @a中共中央组织部研究室@Azhong gong zhong yang zu zhi bu yan jiu shi@4编
801  2 @aCN@bNLC@c20070801
801  0 @aCN@b深圳图书馆@c20040427
905    @f3@b165643-645@dD239@e69
    
    做新时期合格的领导者/中共中央组织部研究室编.-北京:北京出版社,1985
    277页;20cm.-(新时期党的建设丛书)
    
    
    ISBN :CNY1.65
    
●
相关链接 在E读中查询图书 在五车中查询图书 在当当中查询图书 在豆瓣中查询图书


正题名:做新时期合格的领导者     索取号:D239/69         预约/预借

序号 登录号 条形码 馆藏地/架位号 状态 备注
1 0165643   000376710   第一样本阅览室/ [索取号:D239/69] 在馆    
2 0165644   000376701   密集书库/ [索取号:D239/69] 在馆    
3 0165645   000577931   第一借阅区/ [索取号:D239/69] 在馆    
4 0165646   001855503   密集书库/ [索取号:D239/69] 在馆    
5 0790728   207907283   密集书库/ [索取号:D239/69] 在馆    
唐山师范学院图书馆 欢迎您!
大连网信软件有限公司© 版权所有